000 00276 a2200109 4500
001 62536
082 _a358.4 TAR
090 _c37180
_d37180
100 _aTariq Mehmood
245 _aAerospace power ; the emerging strategic dimension
260 _aLahore
_bPAF Book club
_c2003
942 _aNUST-CAE
_k358.4 TAR
999 _c297609
_d297609